| 000 | 00665nam a2200241 i 4500 | ||
|---|---|---|---|
| 001 | bg | ||
| 100 | 1 |
_aKIDYBA, Andrzej _d(1957- ) |
|
| 245 | 1 | 0 |
_aPrawo handlowe / _cAndrzej Kidyba. |
| 260 |
_aWarszawa : _bC. H. Beck, _c2000. |
||
| 300 |
_aXXV, [1], 733 s. ; _c23 cm. |
||
| 490 | 1 | _aStudia Prawnicze | |
| 504 | _aBibliogr. przy rozdz. - Indeks. | ||
| 650 | 9 |
_aPrawo handlowe _zPolska _ystan na 2000 r. |
|
| 655 | _aPodręczniki akademickie | ||
| 830 | _aStudia Prawnicze | ||
| 020 | _a8371109032 | ||
| 040 | _cBPK | ||
| 041 | 0 | _apl | |
| 080 | _a347.7(438)(075.8) | ||
| 920 | _a83-7110-903-2 | ||
| 942 | _cKS | ||
| 008 | s pl f |000 0 pol | ||
| 999 |
_c37643 _d37643 |
||
| 856 |
_uhttp://koha.tu.koszalin.pl/cgi-bin/koha/opac-detail.pl?biblionumber=37643 _yKatalog online BPK |
||